Statistics for Famous Actors in "Magnolia"

Click here to take the quiz!

General Stats

  • This quiz has been taken 100 times
  • The average score is 5 of 11

Answer Stats

CharacterDescriptionActor% Correct
Frank T.J. MackeySeduce and DestroyTom Cruise
99%
Linda PartridgeTrophy wife pill popperJulianne Moore
88%
Phil ParmaCaring nursePhilip Seymour Hoffman
77%
Jim KurringPolice officerJohn C. Reilly
49%
Donnie SmithWashed-up "Quiz Kid"William H. Macy
48%
Jimmy GatorHost of What Do Kids Know?Philip Baker Hall
34%
Earl PartridgeAiling manJason Robards
33%
Luis Adult contestantLuis Guzman
33%
Cynthia Works for What Do Kids Know?Felicity Huffman
19%
Delmer DarionThe scuba diverPatton Oswalt
14%
WormA wanted manOrlando Jones
12%

Score Distribution

Percentile by Number Answered

Percent of People with Each Score

Your Score History

You have not taken this quiz